01049 a2200193 45000010006000000050017000060080041000230030015000640400040000790800048001192450073001670200022002402640039002623000024003015050480003250410008008051000021008137000021008346346320260407155932.0260407a1975 arg spa dAR-UNSa-BCEJYS aAR-UNSa-BCEJYSbspacAR-UNSa-BCEJYS a504.75xEcología y medio ambiente humanos10aPoblación, recursos, medio ambientepaspectos de ecología humana a978-84-282-0390-6 1aBarcelona :bEdiciones Omegac1975 axiv, 537 p.c24 cm. a1. La crisis – 2. Números de habitantes – 3. Estructura de la población y previsiones – 4. Los límites de la tierra – 5. Producción de alimentos – 6. Amenazas ambientales para el hombre – 7. Ecosistemas en peligro – 8. Población óptima y biología humana – 9. Control de natalidad – 10. Población familiar y control de población – 11. Cambios políticos, sociales y económicos – 12. La escena internacional – 13. Conclusiones –  aspa1 aEhrlich, Paul R.1 aEhrlich, Anne H.